000 00710nam a22002177a 4500
999 _c7677
_d7677
003 BD-JhCC
005 20181002173719.0
008 180213b1993 bg ||||| |||| 00| 0 bg d
035 _a(BD-JhCC)
040 _aBD-JhCC
_dBD-JhCC
041 _abg
082 _a593
_bMUT 1993
100 _aমুত্তালিব, এস এ
245 _aমেটাজোয়ানস /
_cএস এ মুত্তালিব এবং কে. এম. আওরঙ্গজেব
260 _aঢাকা :
_bবাংলা একাডেমী,
_c1993
300 _a362 p. :
_c22 cm.
650 _aMetazoans
700 _aআওরঙ্গজেব, কে. এম.
942 _2ddc
_cBK